01425 2200193 4500001002100000005001500021035002000036245007800056100001500134250001700149300002900166700001600195260003500211082000800246084001400254020002200268600001000290520093100300INLIS00000000000088820250120113200 a0010-01250000611 aAnak Tahfiz :bBelajar Al-Qur'an, Siapa Takut? /cAfiq Salam, Nazry Salam0 aAfiq Salam acetakan ke-1 a120 hlm :bIlus ;c21 cm0 aNazry Salam aJakarta :bZikrul Hakim,c2020 a2X1 a2X1 AFI a a978-602-342-342-2 4aislam aANAK Tahfiz BELAJAR AL-QUR'AN, SIAPA TAKUT? Iqbal tidak pandai membaca Al-Qur'an. Bahkan kenal huruf pun tidak. Namun, karena merasa bersalah pada Papa dan Mamanya, ia bertekad menjadi hafiz atau penghafal Al-Qur'an. Maka, masuklah Iqbal ke Lembaga Tahfiz di masa libur sekolahnya. Di sinilah ia berkenalan dengan Arief dan Fahri. Dua teman barunya ini memiliki sifat yang bertolak belakang. Arief tekun belajar dan penyabar, sementara Fahri pemarah dan malas belajar. Iqbal bergaul akrab dengan keduanya. Sesuatu terjadi pada Iqbal karena kedekatannya pada kedua temannya tersebut. Namun, ia tetap bertekad meraih cita-citanya menjadi hafiz hingga rasa bersalah pada kedua orang tuanya tertebus. Komik Islami ini tak hanya berisikan cerita dan gambar yang menarik. Di dalamnya penuh dengan pengetahuan tentang membaca dan menghafal Al-Qur'an sesuai tuntunan Islam, yang terjalin secara apik dalam cerita.